000 01190cam a2200349 i 4500
001 21794770
003 OSt
005 20230619160823.0
008 201109s2020 ke a i f000 0deng
010 _a 2020338588
020 _a978-9966-1947-4-9
040 _aDLC
_beng
_cDLC
_erda
042 _apcc
_alcode
043 _af-ke---
050 0 0 _aDT433.584
_b.M65 2020
082 _a920
_bKEN 2019
245 0 0 _aMoi cabinets :
_bthe Nyayo era : 24 years /
_cKenya Yearbook Editorial Board.
264 1 _aNairobi, Kenya :
_bKenya Yearbook Editorial Board,
_c2019.
300 _a2 volumes :
_bcolor illustrations ;
_c24 x 35 cm.
336 _atext
_btxt
_2rdacontent
337 _aunmediated
_bn
_2rdamedia
338 _avolume
_bnc
_2rdacarrier
490 0 _aKenya Yearbook Editorial Board biography series
500 _aIncludes index.
600 1 0 _aMoi, Daniel Arap,
_d1924-
650 0 _aPoliticians
_zKenya
_vBiography.
651 0 _aKenya
_xPolitics and government
_y1978-2002.
710 2 _aKenya Yearbook Editorial Board,
_eissuing body,
_epublisher.
906 _a7
_bcbc
_corigode
_d2
_encip
_f20
_gy-gencatlg
942 _2ddc
_cBK
999 _c1417
_d1417